000 00533nam a2200193Ia 4500
005 20250326143203.0
008 250326s9999 xx 000 0 und d
020 _a81-7188-357-5
037 _aTextbook
040 _aFMSL
_beng
_cFMSL
041 _aeng
_2eng
084 _aX.44 P4
_qFMSL
100 _aMujumdar N A
245 0 _aEconomic reforms sans development
_cMujumdar N A
260 _aNew Delhi
_bNew Delhi, Academic Foundation
_c2004
300 _a203p
942 _cTB
_hX.44 P4
999 _c1298501
_d1298501